[Event "DEM U14 2018"]
[Site "Willingen GER"]
[Date "2018.05.25"]
[Round "8"]
[White "Nguyen, Alex Dac-Vuong"]
[Black "Köllner, Ruben Gideon"]
[Result "0-1"]
[Termination "normal"]
[Board "3"]
[WhiteElo "2167"]
[BlackElo "2204"]
[WhiteClock "01:00:39"]
[BlackClock "00:21:01"]
[PlyCount "82"]
[WhiteFideId "12984388"]
[BlackFideId "12993093"]
[EventCountry "GER"]
[EventRounds "9"]
[EventType "swiss"]
[EventDate "2018.05.19"]

1. e4 {[%clk 1:30:57]} 1... c5 {[%clk 1:30:56]} 2. Nf3 {[%clk 1:31:08]} 2...
Nf6 {[%clk 1:31:20]} 3. e5 {[%clk 1:30:02]} 3... Nd5 {[%clk 1:31:46]} 4. d4 {
[%clk 1:30:27]} 4... cxd4 {[%clk 1:32:00]} 5. c3 {[%clk 1:30:53]} 5... Nc6 {
[%clk 1:30:43]} 6. cxd4 {[%clk 1:31:18]} 6... d6 {[%clk 1:31:01]} 7. Bc4 {
[%clk 1:31:38]} 7... e6 {[%clk 1:26:53]} 8. O-O {[%clk 1:30:25]} 8... dxe5 {
[%clk 1:25:36]} 9. dxe5 {[%clk 1:30:45]} 9... Nb6 {[%clk 1:24:59]} 10. Bb3 {
[%clk 1:29:55]} 10... Qxd1 {[%clk 1:15:38]} 11. Rxd1 {[%clk 1:29:44]} 11... a6
{[%clk 1:00:03]} 12. Nc3 {[%clk 1:28:41]} 12... Nd7 {[%clk 0:58:31]} 13. Bf4 {
[%clk 1:28:53]} 13... Nc5 {[%clk 0:57:24]} 14. Bc2 {[%clk 1:28:46]} 14... b5 {
[%clk 0:55:44]} 15. Rac1 {[%clk 1:25:21]} 15... Bb7 {[%clk 0:53:19]} 16. a3 {
[%clk 1:21:39]} 16... Rc8 {[%clk 0:51:08]} 17. b4 {[%clk 1:21:09]} 17... Nd7 {
[%clk 0:50:07]} 18. Bb3 {[%clk 1:18:53]} 18... Ne7 {[%clk 0:38:03]} 19. Ng5 {
[%clk 1:17:27]} 19... Ng6 {[%clk 0:30:55]} 20. Bg3 {[%clk 1:16:31]} 20... Ndxe5
{[%clk 0:23:21]} 21. f4 {[%clk 1:16:20]} 21... Nc4 {[%clk 0:23:26]} 22. Na4 {
[%clk 1:08:57]} 22... Be7 {[%clk 0:17:46]} 23. Bxc4 {[%clk 1:07:48]} 23... Rxc4
{[%clk 0:18:14]} 24. Nb6 {[%clk 1:06:55]} 24... Rxc1 {[%clk 0:17:27]} 25. Rxc1
{[%clk 1:07:23]} 25... Bd8 {[%clk 0:14:38]} 26. Nc8 {[%clk 1:07:14]} 26... Kd7
{[%clk 0:10:43]} 27. Nxf7 {[%clk 1:07:31]} 27... Bxc8 {[%clk 0:10:52]} 28. Rd1+
{[%clk 1:07:26]} 28... Ke7 {[%clk 0:09:05]} 29. Nxh8 {[%clk 1:07:51]} 29...
Bb6+ {[%clk 0:09:30]} 30. Kf1 {[%clk 1:08:16]} 30... Nxh8 {[%clk 0:09:53]} 31.
Bh4+ {[%clk 1:08:27]} 31... Ke8 {[%clk 0:09:39]} 32. g4 {[%clk 1:08:11]} 32...
Ng6 {[%clk 0:09:47]} 33. Bg3 {[%clk 1:08:34]} 33... Ne7 {[%clk 0:09:28]} 34.
Ke2 {[%clk 1:07:25]} 34... Nd5 {[%clk 0:08:50]} 35. Rd3 {[%clk 1:06:58]} 35...
Bb7 {[%clk 0:07:47]} 36. f5 {[%clk 1:05:27]} 36... exf5 {[%clk 0:07:39]} 37.
gxf5 {[%clk 1:05:51]} 37... Kf7 {[%clk 0:04:02]} 38. Be5 {[%clk 1:05:32]} 38...
Bd8 {[%clk 0:03:56]} 39. Kd2 {[%clk 1:00:34]} 39... Bg5+ {[%clk 0:03:19]} 40.
Kc2 {[%clk 1:00:52]} 40... Bf6 {[%clk 0:03:35]} 41. Bd6 {[%clk 1:00:39]} 41...
Ne7 {[%clk 0:21:01]} 0-1

[Event "DEM U14 2018"]
[Site "Willingen GER"]
[Date "2018.05.25"]
[Round "8"]
[White "Bethke, Richard"]
[Black "Pahl, Erik"]
[Result "1-0"]
[Termination "normal"]
[Board "4"]
[WhiteElo "2148"]
[BlackElo "2053"]
[WhiteClock "01:26:01"]
[BlackClock "00:58:39"]
[PlyCount "37"]
[WhiteFideId "12959243"]
[BlackFideId "16201272"]
[EventCountry "GER"]
[EventRounds "9"]
[EventType "swiss"]
[EventDate "2018.05.19"]

1. e4 {[%clk 1:30:57]} 1... c5 {[%clk 1:30:54]} 2. Nf3 {[%clk 1:31:22]} 2... d6
{[%clk 1:31:20]} 3. d4 {[%clk 1:31:45]} 3... cxd4 {[%clk 1:31:46]} 4. Nxd4 {
[%clk 1:32:08]} 4... Nf6 {[%clk 1:32:11]} 5. Nc3 {[%clk 1:32:29]} 5... a6 {
[%clk 1:32:38]} 6. Be3 {[%clk 1:32:53]} 6... Ng4 {[%clk 1:33:01]} 7. Bg5 {
[%clk 1:33:16]} 7... h6 {[%clk 1:33:22]} 8. Bh4 {[%clk 1:33:42]} 8... g5 {
[%clk 1:33:45]} 9. Bg3 {[%clk 1:34:07]} 9... Bg7 {[%clk 1:34:10]} 10. h3 {
[%clk 1:34:31]} 10... Ne5 {[%clk 1:34:29]} 11. f3 {[%clk 1:34:41]} 11... Nbc6 {
[%clk 1:33:05]} 12. Bf2 {[%clk 1:33:49]} 12... Bd7 {[%clk 1:09:30]} 13. Nd5 {
[%clk 1:32:05]} 13... e6 {[%clk 1:02:25]} 14. Nxc6 {[%clk 1:32:28]} 14... Bxc6
{[%clk 1:02:06]} 15. Bb6 {[%clk 1:32:48]} 15... Qd7 {[%clk 1:01:54]} 16. Nc7+ {
[%clk 1:32:42]} 16... Ke7 {[%clk 1:02:15]} 17. Nxa8 {[%clk 1:33:05]} 17... Rxa8
{[%clk 1:02:30]} 18. Bd4 {[%clk 1:27:38]} 18... Rc8 {[%clk 0:58:39]} 19. h4 {
[%clk 1:26:01]} 1-0

[Event "DEM U14 2018"]
[Site "Willingen GER"]
[Date "2018.05.25"]
[Round "8"]
[White "Colbow, Collin"]
[Black "Yi, Danny"]
[Result "1/2-1/2"]
[Termination "normal"]
[Board "5"]
[WhiteElo "2148"]
[BlackElo "2074"]
[WhiteClock "00:22:26"]
[BlackClock "00:03:41"]
[PlyCount "83"]
[WhiteFideId "16201132"]
[BlackFideId "12988588"]
[EventCountry "GER"]
[EventRounds "9"]
[EventType "swiss"]
[EventDate "2018.05.19"]

1. e4 {[%clk 1:30:57]} 1... e5 {[%clk 1:30:51]} 2. Nf3 {[%clk 1:31:23]} 2...
Nf6 {[%clk 1:31:16]} 3. d4 {[%clk 1:31:26]} 3... Nxe4 {[%clk 1:30:40]} 4. Bd3 {
[%clk 1:31:31]} 4... d5 {[%clk 1:28:43]} 5. Nxe5 {[%clk 1:31:04]} 5... Nd7 {
[%clk 1:26:46]} 6. Nxd7 {[%clk 1:23:03]} 6... Bxd7 {[%clk 1:25:45]} 7. O-O {
[%clk 1:20:28]} 7... Bd6 {[%clk 1:20:08]} 8. c4 {[%clk 1:04:33]} 8... O-O {
[%clk 1:06:22]} 9. cxd5 {[%clk 1:02:17]} 9... Qh4 {[%clk 1:02:17]} 10. g3 {
[%clk 0:59:28]} 10... Nxg3 {[%clk 1:01:15]} 11. fxg3 {[%clk 0:48:47]} 11...
Bxg3 {[%clk 0:59:19]} 12. Qd2 {[%clk 0:18:58]} 12... Bxh2+ {[%clk 0:57:24]} 13.
Qxh2 {[%clk 0:19:01]} 13... Qxd4+ {[%clk 0:57:45]} 14. Qf2 {[%clk 0:18:41]}
14... Qxd3 {[%clk 0:57:50]} 15. Nc3 {[%clk 0:18:43]} 15... a5 {[%clk 0:55:40]}
16. Bf4 {[%clk 0:15:51]} 16... Ra6 {[%clk 0:54:13]} 17. Bxc7 {[%clk 0:10:18]}
17... Rf6 {[%clk 0:50:44]} 18. Qe2 {[%clk 0:08:19]} 18... Qd4+ {[%clk 0:49:28]}
19. Kh1 {[%clk 0:08:06]} 19... Re8 {[%clk 0:48:29]} 20. Qg2 {[%clk 0:05:26]}
20... Re3 {[%clk 0:24:01]} 21. Rxf6 {[%clk 0:04:53]} 21... Qxf6 {[%clk 0:24:09]
} 22. Rf1 {[%clk 0:02:41]} 22... Qh6+ {[%clk 0:23:43]} 23. Bh2 {[%clk 0:02:33]}
23... Bh3 {[%clk 0:23:53]} 24. Qf2 {[%clk 0:02:26]} 24... Bxf1 {[%clk 0:24:09]}
25. Qxf1 {[%clk 0:02:46]} 25... Qh4 {[%clk 0:22:38]} 26. Qf4 {[%clk 0:01:32]}
26... Qe1+ {[%clk 0:18:15]} 27. Kg2 {[%clk 0:01:22]} 27... Re8 {[%clk 0:17:02]}
28. d6 {[%clk 0:01:28]} 28... b5 {[%clk 0:15:31]} 29. Bg3 {[%clk 0:00:40]}
29... Qe6 {[%clk 0:15:42]} 30. a3 {[%clk 0:00:34]} 30... h6 {[%clk 0:15:18]}
31. Qd4 {[%clk 0:00:41]} 31... Qf5 {[%clk 0:13:59]} 32. Qd5 {[%clk 0:00:35]}
32... Qc2+ {[%clk 0:08:56]} 33. Kh3 {[%clk 0:00:56]} 33... Qxb2 {[%clk 0:08:07]
} 34. d7 {[%clk 0:00:35]} 34... Rd8 {[%clk 0:08:04]} 35. Nxb5 {[%clk 0:00:45]}
35... Qf6 {[%clk 0:07:06]} 36. Bc7 {[%clk 0:00:41]} 36... Qf1+ {[%clk 0:06:53]}
37. Kh2 {[%clk 0:00:56]} 37... Qf2+ {[%clk 0:07:08]} 38. Kh3 {[%clk 0:00:59]}
38... Qf1+ {[%clk 0:04:36]} 39. Kg3 {[%clk 0:01:13]} 39... Qg1+ {[%clk 0:04:40]
} 40. Kh3 {[%clk 0:00:43]} 40... Qf1+ {[%clk 0:03:26]} 41. Kg3 {[%clk 0:00:32]}
41... Qg1+ {[%clk 0:03:41]} 42. Kh3 {[%clk 0:22:26]} 1/2-1/2

[Event "DEM U14 2018"]
[Site "Willingen GER"]
[Date "2018.05.25"]
[Round "8"]
[White "Lutz, Ruben"]
[Black "Wu, Leon"]
[Result "1-0"]
[Termination "normal"]
[Board "6"]
[WhiteElo "1940"]
[BlackElo "2022"]
[WhiteClock "00:22:40"]
[BlackClock "00:05:24"]
[PlyCount "109"]
[WhiteFideId "12975974"]
[BlackFideId "12977438"]
[EventCountry "GER"]
[EventRounds "9"]
[EventType "swiss"]
[EventDate "2018.05.19"]

1. d4 {[%clk 1:30:55]} 1... Nf6 {[%clk 1:30:47]} 2. Bf4 {[%clk 1:31:11]} 2...
d5 {[%clk 1:30:49]} 3. e3 {[%clk 1:31:31]} 3... e6 {[%clk 1:30:56]} 4. Nd2 {
[%clk 1:31:40]} 4... c5 {[%clk 1:29:09]} 5. c3 {[%clk 1:31:57]} 5... Nc6 {
[%clk 1:28:16]} 6. Ngf3 {[%clk 1:32:15]} 6... Bd6 {[%clk 1:28:23]} 7. Bg3 {
[%clk 1:32:35]} 7... Qc7 {[%clk 1:13:42]} 8. dxc5 {[%clk 1:29:43]} 8... Bxg3 {
[%clk 1:13:41]} 9. hxg3 {[%clk 1:30:06]} 9... Ne7 {[%clk 1:11:33]} 10. b4 {
[%clk 1:26:09]} 10... b6 {[%clk 1:08:25]} 11. cxb6 {[%clk 1:26:03]} 11... axb6
{[%clk 1:08:20]} 12. Qb3 {[%clk 1:23:20]} 12... Bd7 {[%clk 1:05:28]} 13. c4 {
[%clk 1:09:43]} 13... O-O {[%clk 1:01:46]} 14. Be2 {[%clk 1:05:28]} 14... Ng4 {
[%clk 0:51:53]} 15. O-O {[%clk 0:56:18]} 15... f5 {[%clk 0:50:12]} 16. cxd5 {
[%clk 0:51:14]} 16... Nxd5 {[%clk 0:48:28]} 17. Bc4 {[%clk 0:51:15]} 17... Bc6
{[%clk 0:42:30]} 18. Nd4 {[%clk 0:49:06]} 18... Qd7 {[%clk 0:37:11]} 19. Nxc6 {
[%clk 0:47:23]} 19... Qxc6 {[%clk 0:37:32]} 20. Bxd5 {[%clk 0:46:47]} 20...
exd5 {[%clk 0:36:22]} 21. Rac1 {[%clk 0:45:55]} 21... Qd7 {[%clk 0:33:54]} 22.
Nf3 {[%clk 0:44:57]} 22... Rf6 {[%clk 0:33:20]} 23. Rfd1 {[%clk 0:41:33]} 23...
Rd6 {[%clk 0:27:30]} 24. Rd2 {[%clk 0:38:18]} 24... Rc8 {[%clk 0:21:02]} 25.
Rdc2 {[%clk 0:37:05]} 25... Rdc6 {[%clk 0:17:48]} 26. Nd4 {[%clk 0:36:42]}
26... Rxc2 {[%clk 0:17:28]} 27. Rxc2 {[%clk 0:37:07]} 27... Rxc2 { [%clk
0:17:00]} 28. Qxc2 {[%clk 0:37:31]} 28... g6 {[%clk 0:16:53]} 29. Qc6 { [%clk
0:36:58]} 29... Qxc6 {[%clk 0:16:31]} 30. Nxc6 {[%clk 0:37:22]} 30... Kf7
{[%clk 0:15:35]} 31. Kf1 {[%clk 0:35:51]} 31... Ke6 {[%clk 0:15:03]} 32. Ke2 {
[%clk 0:35:47]} 32... Kd6 {[%clk 0:10:12]} 33. Nd4 {[%clk 0:35:19]} 33... h6 {
[%clk 0:10:12]} 34. a4 {[%clk 0:34:23]} 34... Nf6 {[%clk 0:10:03]} 35. f3 {
[%clk 0:29:11]} 35... Nh5 {[%clk 0:10:10]} 36. Kf2 {[%clk 0:29:35]} 36... Nf6 {
[%clk 0:09:59]} 37. Ne2 {[%clk 0:28:58]} 37... Ng8 {[%clk 0:08:25]} 38. Ke1 {
[%clk 0:28:39]} 38... Ne7 {[%clk 0:08:05]} 39. Kd2 {[%clk 0:27:35]} 39... Kc6 {
[%clk 0:07:43]} 40. Kc3 {[%clk 0:27:46]} 40... Kd6 {[%clk 0:07:52]} 41. a5 {
[%clk 0:25:23]} 41... bxa5 {[%clk 0:07:56]} 42. bxa5 {[%clk 0:25:47]} 42... Kc5
{[%clk 0:08:14]} 43. a6 {[%clk 0:25:48]} 43... Nc8 {[%clk 0:05:35]} 44. Nf4 {
[%clk 0:24:59]} 44... g5 {[%clk 0:05:22]} 45. Ne6+ {[%clk 0:25:11]} 45... Kb6 {
[%clk 0:05:32]} 46. Kd4 {[%clk 0:24:43]} 46... Ne7 {[%clk 0:04:15]} 47. Ke5 {
[%clk 0:24:31]} 47... Kxa6 {[%clk 0:04:23]} 48. Nc7+ {[%clk 0:24:31]} 48... Kb7
{[%clk 0:04:25]} 49. Nxd5 {[%clk 0:24:54]} 49... f4 {[%clk 0:04:05]} 50. exf4 {
[%clk 0:24:46]} 50... Ng8 {[%clk 0:04:04]} 51. Ke6 {[%clk 0:22:55]} 51... gxf4
{[%clk 0:04:21]} 52. gxf4 {[%clk 0:21:40]} 52... h5 {[%clk 0:04:44]} 53. Kf7 {
[%clk 0:22:02]} 53... Nh6+ {[%clk 0:05:06]} 54. Kg6 {[%clk 0:22:27]} 54... Ng8
{[%clk 0:05:24]} 55. Kg7 {[%clk 0:22:40]} 1-0

[Event "DEM U14 2018"]
[Site "Willingen GER"]
[Date "2018.05.25"]
[Round "8"]
[White "Fromm, Marius"]
[Black "Svane, Frederik"]
[Result "1/2-1/2"]
[Termination "normal"]
[Board "7"]
[WhiteElo "2014"]
[BlackElo "2264"]
[WhiteClock "00:02:16"]
[BlackClock "00:18:11"]
[PlyCount "121"]
[WhiteFideId "12993190"]
[BlackFideId "12923044"]
[EventCountry "GER"]
[EventRounds "9"]
[EventType "swiss"]
[EventDate "2018.05.19"]

1. Nf3 {[%clk 1:30:57]} 1... c5 {[%clk 1:30:55]} 2. c4 {[%clk 1:31:22]} 2...
Nf6 {[%clk 1:31:18]} 3. g3 {[%clk 1:30:49]} 3... b6 {[%clk 1:31:43]} 4. Bg2 {
[%clk 1:31:05]} 4... Bb7 {[%clk 1:32:08]} 5. O-O {[%clk 1:27:47]} 5... e6 {
[%clk 1:32:10]} 6. b3 {[%clk 1:22:52]} 6... Be7 {[%clk 1:32:28]} 7. Bb2 { [%clk
1:23:18]} 7... O-O {[%clk 1:32:48]} 8. Nc3 {[%clk 1:21:38]} 8... d6 { [%clk
1:28:50]} 9. e3 {[%clk 1:20:45]} 9... Nbd7 {[%clk 1:27:41]} 10. Qe2 { [%clk
1:16:09]} 10... Rc8 {[%clk 1:25:39]} 11. Rfd1 {[%clk 1:14:24]} 11... Qc7 {[%clk
1:24:36]} 12. d4 {[%clk 1:11:47]} 12... a6 {[%clk 1:19:26]} 13. Rac1 { [%clk
0:59:22]} 13... Qb8 {[%clk 1:16:28]} 14. Nh4 {[%clk 0:51:05]} 14... Bxg2 {[%clk
1:13:34]} 15. Nxg2 {[%clk 0:51:29]} 15... cxd4 {[%clk 1:10:11]} 16. Rxd4 {[%clk
0:45:35]} 16... Qb7 {[%clk 1:10:02]} 17. Rdd1 {[%clk 0:42:00]} 17... Rfd8
{[%clk 1:04:35]} 18. e4 {[%clk 0:40:18]} 18... Nc5 {[%clk 1:01:12]} 19. f3
{[%clk 0:38:12]} 19... Ncd7 {[%clk 0:56:15]} 20. Ne3 {[%clk 0:36:24]} 20... h5
{[%clk 0:53:29]} 21. Kg2 {[%clk 0:28:45]} 21... Ne5 {[%clk 0:51:51]} 22. Nc2 {
[%clk 0:23:52]} 22... Ng6 {[%clk 0:44:21]} 23. Nd4 {[%clk 0:21:13]} 23... h4 {
[%clk 0:44:24]} 24. Qe3 {[%clk 0:16:45]} 24... Re8 {[%clk 0:38:00]} 25. Nde2 {
[%clk 0:10:07]} 25... Nd7 {[%clk 0:11:00]} 26. Rc2 {[%clk 0:07:38]} 26... b5 {
[%clk 0:07:33]} 27. cxb5 {[%clk 0:07:59]} 27... axb5 {[%clk 0:08:00]} 28. Rdc1
{[%clk 0:07:56]} 28... Nc5 {[%clk 0:07:33]} 29. Nd4 {[%clk 0:06:48]} 29... b4 {
[%clk 0:06:56]} 30. Nce2 {[%clk 0:06:41]} 30... Ne5 {[%clk 0:06:52]} 31. Nf4 {
[%clk 0:06:27]} 31... Bg5 {[%clk 0:06:53]} 32. Qd2 {[%clk 0:03:46]} 32... Ned3
{[%clk 0:06:46]} 33. Rd1 {[%clk 0:01:47]} 33... Nxb2 {[%clk 0:06:40]} 34. Rxb2
{[%clk 0:02:12]} 34... hxg3 {[%clk 0:01:10]} 35. hxg3 {[%clk 0:02:35]} 35... e5
{[%clk 0:01:18]} 36. Nf5 {[%clk 0:03:01]} 36... Rcd8 {[%clk 0:01:03]} 37. Nxd6
{[%clk 0:02:29]} 37... Qc7 {[%clk 0:00:38]} 38. Nd5 {[%clk 0:02:17]} 38... Bxd2
{[%clk 0:00:35]} 39. Nxc7 {[%clk 0:02:39]} 39... Bc3 {[%clk 0:00:47]} 40. Rc2 {
[%clk 0:01:17]} 40... Re7 {[%clk 0:00:32]} 41. Nd5 {[%clk 0:28:51]} 41... Red7
{[%clk 0:24:50]} 42. Nb5 {[%clk 0:27:44]} 42... Ne6 {[%clk 0:25:10]} 43. Nbxc3
{[%clk 0:27:46]} 43... bxc3 {[%clk 0:25:27]} 44. Rxc3 {[%clk 0:27:37]} 44...
Kf8 {[%clk 0:25:55]} 45. Rdc1 {[%clk 0:26:31]} 45... Nd4 {[%clk 0:26:14]} 46.
Rc8 {[%clk 0:26:23]} 46... g5 {[%clk 0:26:42]} 47. Rxd8+ {[%clk 0:25:44]} 47...
Rxd8 48. Rc3 {[%clk 0:21:46]} 48... Rb8 {[%clk 0:27:15]} 49. Kf2 { [%clk
0:20:41]} 49... Ke8 {[%clk 0:27:38]} 50. b4 {[%clk 0:19:50]} 50... Kd7 { [%clk
0:27:19]} 51. a4 {[%clk 0:19:32]} 51... Kd6 {[%clk 0:27:42]} 52. b5 { [%clk
0:18:18]} 52... f5 {[%clk 0:27:53]} 53. Kg2 {[%clk 0:14:47]} 53... g4 { [%clk
0:22:57]} 54. fxg4 {[%clk 0:13:09]} 54... fxe4 {[%clk 0:23:22]} 55. Ne3 { [%clk
0:12:59]} 55... Rh8 {[%clk 0:23:29]} 56. Nf5+ {[%clk 0:10:17]} 56... Kd5 {[%clk
0:23:35]} 57. Ne3+ {[%clk 0:09:07]} 57... Kd6 {[%clk 0:23:28]} 58. Nc4+ {[%clk
0:06:48]} 58... Kd5 {[%clk 0:22:24]} 59. Nb6+ {[%clk 0:04:44]} 59... Kd6 {[%clk
0:21:32]} 60. Rc1 {[%clk 0:02:16]} 60... Nf3 {[%clk 0:18:11]} 61. Rh1 1/2-1/2

[Event "DEM U14 2018"]
[Site "Willingen GER"]
[Date "2018.05.25"]
[Round "8"]
[White "Haller, Luis"]
[Black "Kölle, Tobias"]
[Result "1-0"]
[Termination "normal"]
[Board "8"]
[WhiteElo "1711"]
[BlackElo "2226"]
[WhiteClock "00:53:26"]
[BlackClock "00:48:21"]
[PlyCount "77"]
[WhiteFideId "16209826"]
[BlackFideId "16207378"]
[EventCountry "GER"]
[EventRounds "9"]
[EventType "swiss"]
[EventDate "2018.05.19"]

1. e4 {[%clk 1:30:58]} 1... e5 {[%clk 1:31:00]} 2. Nf3 {[%clk 1:31:22]} 2...
Nc6 {[%clk 1:31:22]} 3. Bb5 {[%clk 1:31:48]} 3... a6 {[%clk 1:31:42]} 4. Ba4 {
[%clk 1:32:15]} 4... Nf6 {[%clk 1:32:04]} 5. d3 {[%clk 1:32:39]} 5... b5 {
[%clk 1:32:30]} 6. Bb3 {[%clk 1:32:56]} 6... Be7 {[%clk 1:32:48]} 7. Nc3 {
[%clk 1:33:09]} 7... O-O {[%clk 1:31:55]} 8. Nd5 {[%clk 1:31:27]} 8... d6 {
[%clk 1:25:03]} 9. c3 {[%clk 1:31:16]} 9... Na5 {[%clk 1:24:42]} 10. Nxe7+ {
[%clk 1:31:24]} 10... Qxe7 {[%clk 1:25:11]} 11. Bc2 {[%clk 1:31:15]} 11... c5 {
[%clk 1:25:34]} 12. h3 {[%clk 1:30:44]} 12... Bb7 {[%clk 1:25:39]} 13. Bg5 {
[%clk 1:29:34]} 13... h6 {[%clk 1:20:52]} 14. Bh4 {[%clk 1:26:46]} 14... Qe6 {
[%clk 1:19:58]} 15. g4 {[%clk 1:25:21]} 15... Nh7 {[%clk 1:18:25]} 16. Rg1 {
[%clk 1:23:53]} 16... f6 {[%clk 1:12:14]} 17. Bg3 {[%clk 1:22:33]} 17... Nc6 {
[%clk 1:05:43]} 18. a4 {[%clk 1:21:06]} 18... Ne7 {[%clk 1:05:07]} 19. Nh4 {
[%clk 1:20:04]} 19... d5 {[%clk 1:02:50]} 20. Nf5 {[%clk 1:18:48]} 20... Rfd8 {
[%clk 1:00:18]} 21. Qe2 {[%clk 1:15:57]} 21... Nxf5 {[%clk 0:58:59]} 22. gxf5 {
[%clk 1:16:15]} 22... Qf7 {[%clk 0:59:00]} 23. f3 {[%clk 1:13:08]} 23... c4 {
[%clk 0:55:32]} 24. Bf2 {[%clk 1:11:22]} 24... Kh8 {[%clk 0:54:37]} 25. Kf1 {
[%clk 1:08:48]} 25... Ng5 {[%clk 0:52:37]} 26. Rg3 {[%clk 1:03:39]} 26... Qh5 {
[%clk 0:51:54]} 27. Kg2 {[%clk 1:03:02]} 27... cxd3 {[%clk 0:50:43]} 28. Qxd3 {
[%clk 1:01:28]} 28... dxe4 {[%clk 0:50:46]} 29. Qe3 {[%clk 1:00:38]} 29... Nxf3
{[%clk 0:48:52]} 30. Bxe4 {[%clk 1:00:04]} 30... Nh4+ {[%clk 0:48:12]} 31. Kh2
{[%clk 0:59:40]} 31... Bxe4 {[%clk 0:48:11]} 32. Qxe4 {[%clk 1:00:07]} 32...
Rd2 {[%clk 0:46:57]} 33. Qxa8+ {[%clk 0:59:32]} 33... Kh7 {[%clk 0:47:08]} 34.
Rxg7+ {[%clk 0:54:54]} 34... Kxg7 {[%clk 0:46:48]} 35. Rg1+ {[%clk 0:54:58]}
35... Kf7 {[%clk 0:47:08]} 36. Qg8+ {[%clk 0:53:17]} 36... Ke7 {[%clk 0:47:32]}
37. Qe6+ {[%clk 0:53:10]} 37... Kd8 {[%clk 0:47:53]} 38. Rg8+ {[%clk 0:53:26]}
38... Kc7 {[%clk 0:48:21]} 39. Rc8+ 1-0

[Event "DEM U14 2018"]
[Site "Willingen GER"]
[Date "2018.05.25"]
[Round "8"]
[White "Dahl, Christoph"]
[Black "Post, Hugo"]
[Result "1-0"]
[Termination "normal"]
[Board "9"]
[WhiteElo "1965"]
[BlackElo "1983"]
[WhiteClock "00:45:39"]
[BlackClock "00:04:44"]
[PlyCount "83"]
[WhiteFideId "16240235"]
[BlackFideId "12962490"]
[EventCountry "GER"]
[EventRounds "9"]
[EventType "swiss"]
[EventDate "2018.05.19"]

1. e4 {[%clk 1:30:53]} 1... c5 {[%clk 1:30:40]} 2. Nf3 {[%clk 1:31:02]} 2... d6
{[%clk 1:30:53]} 3. d4 {[%clk 1:30:56]} 3... cxd4 {[%clk 1:31:16]} 4. Nxd4 {
[%clk 1:30:58]} 4... Nf6 {[%clk 1:31:38]} 5. Nc3 {[%clk 1:31:02]} 5... e6 {
[%clk 1:31:53]} 6. Bg5 {[%clk 1:30:32]} 6... Be7 {[%clk 1:32:02]} 7. Be3 {
[%clk 1:28:26]} 7... O-O {[%clk 1:31:19]} 8. f3 {[%clk 1:25:04]} 8... a6 {
[%clk 1:30:16]} 9. Qd2 {[%clk 1:24:35]} 9... Nbd7 {[%clk 1:26:29]} 10. O-O-O {
[%clk 1:23:57]} 10... b5 {[%clk 1:26:34]} 11. Nc6 {[%clk 1:24:05]} 11... Qe8 {
[%clk 1:26:22]} 12. Nxe7+ {[%clk 1:16:39]} 12... Qxe7 {[%clk 1:26:43]} 13. Qxd6
{[%clk 1:16:40]} 13... Qd8 {[%clk 1:26:36]} 14. Bg5 {[%clk 1:10:48]} 14... Qa5
{[%clk 1:25:14]} 15. a3 {[%clk 1:08:53]} 15... b4 {[%clk 1:05:06]} 16. Bxf6 {
[%clk 1:08:36]} 16... bxa3 {[%clk 1:05:05]} 17. Be7 {[%clk 0:59:32]} 17...
axb2+ {[%clk 0:57:23]} 18. Kxb2 {[%clk 0:57:50]} 18... Rb8+ {[%clk 0:56:57]}
19. Kc1 {[%clk 0:55:41]} 19... Qxc3 {[%clk 0:48:05]} 20. Bxf8 {[%clk 0:55:44]}
20... Qa1+ {[%clk 0:19:30]} 21. Kd2 {[%clk 0:56:05]} 21... Qa5+ {[%clk 0:19:55]
} 22. Ke2 {[%clk 0:56:17]} 22... Rb2 {[%clk 0:17:07]} 23. Qd4 {[%clk 0:54:01]}
23... Rxc2+ {[%clk 0:16:40]} 24. Rd2 {[%clk 0:54:02]} 24... Qb5+ { [%clk
0:13:49]} 25. Kf2 {[%clk 0:54:06]} 25... Rxd2+ {[%clk 0:13:41]} 26. Qxd2 {[%clk
0:54:30]} 26... Qb6+ {[%clk 0:14:08]} 27. Qe3 {[%clk 0:54:38]} 27... Qb2+
{[%clk 0:14:27]} 28. Be2 {[%clk 0:55:00]} 28... Nxf8 {[%clk 0:14:50]} 29. Qc5
{[%clk 0:55:13]} 29... Bd7 {[%clk 0:14:30]} 30. Rd1 {[%clk 0:54:50]} 30... Bb5
{[%clk 0:11:37]} 31. Rd8 {[%clk 0:54:21]} 31... Qxe2+ {[%clk 0:11:37]} 32. Kg3
{[%clk 0:54:48]} 32... Qe1+ {[%clk 0:11:46]} 33. Kh3 {[%clk 0:55:13]} 33... h6
{[%clk 0:11:59]} 34. Qxf8+ {[%clk 0:55:36]} 34... Kh7 {[%clk 0:12:24]} 35. Qxf7
{[%clk 0:55:10]} 35... Bc4 {[%clk 0:11:23]} 36. Qg8+ {[%clk 0:54:54]} 36... Kg6
{[%clk 0:11:48]} 37. Rd7 {[%clk 0:53:59]} 37... Qc3 {[%clk 0:11:51]} 38. Rc7
{[%clk 0:50:27]} 38... Qd4 {[%clk 0:04:00]} 39. e5 {[%clk 0:46:51]} 39... Kh5
{[%clk 0:04:14]} 40. Qf7+ {[%clk 0:46:47]} 40... Kg5 {[%clk 0:04:19]} 41. Qxg7+
{[%clk 0:46:15]} 41... Kf4 {[%clk 0:04:44]} 42. Rxc4 {[%clk 0:45:39]} 1-0